Die Premier League - auf Deutsch - Statistiken

Allgemein
  • Dieses Quiz wurde 519 mal gespielt
  • Das Durchschnittsergebnis liegt bei 15 aus 20
Antwortstatistiken
Hint Antwort % Korrekt
Manbrüster Stadt Manchester City
96%
Manbrüster Vereinigt Manchester United
90%
Totzehnschinken Heißsporne Tottenham Hotspurs
89%
Chelmeer Chelsea
88%
Nichtsschinken Wald Nottingham Forest
86%
Hellan & Hove England Brighton & Hove Albion
84%
Leberbecken FC Liverpool
84%
Westlicher Schinken Vereinigt West Ham United
83%
Wölferschinkentonne Wanderer Wolverhampton Wanderers
83%
Gläserner Palast Crystal Palace
80%
Leeiseter Leicester
80%
Neuburg Newcastle
80%
Waffenlager FC Arsenal
77%
Immertonne Everton
73%
Ganzschinken Fulham
73%
Südverstärkertonne Southampton
60%
Führungen* Vereinigt Leeds United
45%
Wietonne Luxushaus Aston Villa
42%
Grenz**mund Bournemouth
42%
Ringelgansfurt Brentford
24%
Keine übereinstimmenden Quizze gefunden
Verteilung der Resultate
Anzahl Personen mit jedem Resultat
Perzentil nach korrekt beantworteten Fragen
Ihre Resultats-Entwicklung
Sie haben dieses Quiz noch nicht gespielt